| 000 | 02045nam a2200505 c 4500 | ||
|---|---|---|---|
| 999 |
_c51028 _d51028 |
||
| 001 | 51028 | ||
| 003 | ES-MaCES | ||
| 005 | 20181108131405.0 | ||
| 008 | 181108s2018 sp | 100 | spa d | ||
| 017 |
_aGR 1177-2018 _bDL |
||
| 020 | _a9788490457313 | ||
| 040 |
_aES-MaCES _bspa _cES-MaCES |
||
| 041 | 0 |
_aspa _aita _apor |
|
| 111 | 2 |
_939335 _aSeminario Internacional "Impacto Laboral de las Redes Empresariales" _d2017 _cSalamanca |
|
| 245 | 0 | 0 |
_aImpacto laboral de las redes empresariales _c[recoge las ponencias presentadas al Seminario Internacional "Impacto Laboral de las Redes Empresariales", celebrado en Salamanca el 9 y 10 de nov. de 2017] ; Wilfredo Sanguineti Raymond, Juan Bautista Vivero Serrano (dirs.) |
| 260 |
_aGranada _bComares _c2018 |
||
| 300 |
_aXVIII, 452 p. _c24 cm _e1 CD-ROM (comunicaciones) |
||
| 490 | 1 |
_aColección Trabajo y Seguridad Social _v116 |
|
| 490 | 1 | _aBiblioteca Comares de ciencia jurídica | |
| 500 | _aTextos en español, italiano y portugués | ||
| 541 | _cCompra | ||
| 650 | 7 |
_acooperación empresarial _931742 |
|
| 650 | 7 |
_ared de apoyo empresarial _930593 |
|
| 650 | 7 |
_areestructuración empresarial _930602 |
|
| 650 | 7 |
_acondiciones de trabajo _928327 |
|
| 650 | 7 |
_acontrato de trabajo _928316 |
|
| 650 | 7 |
_aderechos de los trabajadores _929924 |
|
| 650 | 7 |
_asalud en el trabajo _928347 |
|
| 650 | 7 |
_arelaciones laborales _928369 |
|
| 650 | 7 |
_anegociación colectiva _928362 |
|
| 650 | 7 |
_aderecho del trabajo _927165 |
|
| 650 | 4 |
_aEspaña _926964 |
|
| 650 | 7 |
_aEuropa _926940 |
|
| 650 | 7 |
_aAmérica Latina _926882 |
|
| 650 | 4 |
_arégimen jurídico _929894 |
|
| 650 | 7 |
_aconferencia _927013 |
|
| 650 | 7 |
_aCD ROM _930331 |
|
| 653 | 1 | 0 | _aDerecho del trabajo y Seguridad Social |
| 700 | 1 |
_923391 _aSanguineti Raymond, Wilfredo _edir. |
|
| 700 | 1 |
_926026 _aVivero Serrano, Juan Bautista _edir. |
|
| 830 | 0 |
_aColección Trabajo y Seguridad Social _v116 _933762 |
|
| 830 | 0 |
_aBiblioteca Comares de ciencia jurídica _932174 |
|
| 902 | _aLIB Libro | ||
| 942 |
_2CES _cBK _h6.0.1. |
||